[Event "Lima Morales Memorial op 3rd"]
[Site "Lima"]
[Date "2013.??.??"]
[Round "3"]
[White "Mamani, Ulises"]
[Black "Cruz, Andres Antonio"]
[Result "0-1"]
[WhiteElo "2141"]
[BlackElo "1948"]
[PlyCount "60"]
[EventDate "2013.02.02"]
[EventType "swiss"]
[EventRounds "11"]
[EventCountry "PER"]
[SourceTitle "CBM 153 Extra"]
[Source "ChessBase"]
[SourceDate "2013.04.22"]
[SourceVersion "1"]
[SourceVersionDate "2013.04.22"]
[SourceQuality "1"]

1. Nf3 d5 2. d4 Nc6 3. Bf4 Nf6 4. e3 e6 5. c4 Bd6 6. Bg5 Be7 7. Nc3 dxc4 8. Bxc4 Nd5 9. Bxe7 Ncxe7 10. 0-0 0-0 11. Ne4 Ng6 12. Rc1 c6 13. Qc2 Nc7 14. Rfd1 Qe7 15. Ne5 Nh4 16. Bd3 Nd5 17. a3 f6 18. Nf3 Nxf3+ 19. gxf3 f5 20. Nd2 Qh4 21. Kf1 f4 22. exf4 Nxf4 23. Be4 b6 24. Ke1 Qg5 25. Bxh7+ Kh8 26. Bd3 Qg1+ 27. Nf1 e5 28. dxe5 Bh3 29. a4 Rae8 30. Qc3 Nxd3+ 0-1

[Event "Circulo Peruano op 2nd"]
[Site "Lima"]
[Date "2012.02.26"]
[Round "4"]
[White "Cruz, Andres Antonio"]
[Black "Pazos, Jorge Alberto"]
[Result "1-0"]
[WhiteElo "1772"]
[BlackElo "1750"]
[PlyCount "59"]
[EventDate "2012.02.23"]
[EventType "swiss"]
[EventRounds "7"]
[EventCountry "PER"]
[SourceTitle "EXT 2013"]
[Source "ChessBase"]
[SourceDate "2012.11.22"]
[SourceVersion "1"]
[SourceVersionDate "2012.11.22"]
[SourceQuality "1"]

1. g3 Nf6 2. Bg2 g6 3. b3 Bg7 4. Bb2 0-0 5. Nf3 d6 6. 0-0 e5 7. d3 c6 8. c4 Bg4 9. Ne1 Nbd7 10. Nc3 Rb8 11. b4 Re8 12. a4 a5 13. b5 Nc5 14. Rb1 Qc7 15. Nc2 Nfd7 16. Ba3 e4 17. Nxe4 Bxe2 18. Qxe2 d5 19. Qe3 dxe4 20. b6 Qd8 21. d4 Ne6 22. d5 cxd5 23. cxd5 Ng5 24. Bd6 Rc8 25. Bc7 Qe7 26. Rb5 Ne5 27. d6 Nef3+ 28. Bxf3 Nxf3+ 29. Qxf3 Qxc7 30. bxc7 1-0